000 01733cam a22004454i 4500
003 PE-LiUPU
005 20250731175640.0
008 150706s r 000 0 d
020 _a9781405842884
035 _a(Sirsi) i9781405842884
040 _aPE-LiUPU
_bspa
_cPE-LiUPU
_erda
049 _aPRUA
082 0 4 _a428.6461
_bPR2 mo
_221
100 1 _aFalkner, John Meade,
_d1858-1932,
_eautor.
245 1 0 _aMoonfleet /
_cJohn Meade Falkner; contada por Joanna Strange.
264 1 _aHarlow :
_bPearson Education,
_c2008.
300 _a20 páginas :
_bilustraciones ;
_c20 cm.
300 _a01 CD-ROM
336 _atext
_2rdacontent
337 _aunmediated
_2rdamedia
338 _avolume
_2rdacarrier
490 0 _aPenguin Readers ;
_vLevel 2
505 0 _aIn moonfleet village -- A strange noise -- Under the church -- Blackbeard´s coffin -- A dangerous night -- The sea cave -- Down the well -- The diamond -- Prison -- A rich man -- Activities.
526 _aP145
526 _aP127
526 _aP97
526 _aP35
526 _aP14
526 _aP07
541 _g002-0046574;
650 0 4 _aInglés
_xLibros de lectura.
700 1 _aSharp, George,
_eil.
700 1 _aStrange Joanna.
910 _agl
_cjck
_d20120514
942 _2ddc
_cBOOK
949 _a428.6461 PR2 MO
_wDEWEY
_c1
_i64610
_lCCODEBUL1
_mBUL
_p5.00
_r0
_sY
_tBOOK
_u2015-7-6
_xEDUCACION
_PP20
_o.STAFF. Colección General
994 _aC0
_bPEPRU
596 _a1
999 _a428.6461 PR2 MO
_wDEWEY
_c53318
_i64610
_f2021-11-8
_g5
_lCCODEBUL1
_mBUL
_p5.00
_r0
_sY
_tBOOK
_u2015-7-6
_xEDUCACION
_PP20
_0COMPRA
_o.STAFF. Colección General
_d53318
980 _81
_gALBERTO SANCHEZ Responsable de Automatización